| 000 | 00844nam a22002057a 4500 | ||
|---|---|---|---|
| 005 | 20210325205844.0 | ||
| 008 | s2554 th ||||| |||| 00| 0 tha d | ||
| 020 | _a9789740207726 | ||
| 050 | _aCT203 ศ738ว 2554 ล.2 | ||
| 100 | 0 | _aศุภาศิริ สุพรรณเภสัช | |
| 245 | 1 | 0 | _aวันเยาว์ของคนใหญ่ เล่ม 2 |
| 260 | 3 |
_aกรุงเทพฯ : _bมติชน, _c2554 |
|
| 300 |
_a262 หน้า : _b ภาพประกอบ ; _c 21 ซม. |
||
| 650 | 0 | 4 | _aบุคคลสำคัญ -- ชีวประวัติ |
| 850 | _aNALT | ||
| 942 |
_cGB _01 |
||
| 997 | _a39920 ฉ.1 /39921 ฉ.2 | ||
| 997 | _c000000000064637 | ||
| 998 | _aนางสุกัญญา กัลยา | ||
| 999 |
_c64637 _d64637 |
||